Ecological Bulletins

محفوظ في:

التنسيق: دورية

اللغة: Undetermined

منشور في: JSTOR
Oikos Editorial Office

الموضوعات:

الوصول للمادة أونلاين: Login to view Source

الوسوم: إضافة وسم

لا توجد وسوم, كن أول من يضع وسما على هذه التسجيلة!

رقم الطلب:

LEADER 00523nas a2200169Ia 4500
008 220214c99999999xx |||||||||||| ||und||
022 |a 0346-6868 
245 0 0 |a Ecological Bulletins 
264 1 |b JSTOR 
264 1 |b Oikos Editorial Office 
362 0 |a (1975)-(2013) 
653 1 0 |a Ecology & Evolutionary Biology 
653 1 0 |a Science & Mathematics 
856 4 0 |u https://www.jstor.org/journal/ecologicalbull 
942 |c JL 
952 |0 0  |1 0  |4 0  |7 1  |9 34772  |a JSR  |b JSR  |d 2022-02-14  |l 0  |r 2022-02-14 00:00:00  |w 2022-02-14  |y JL 
999 |c 43105  |d 43105